[Event "DSJ Weihnachtsturnier U20 2020"]
[Site "https://play.chessbase.com/en/play?room=DSJWeihnachtU20"]
[Date "2020.12.29"]
[Round "2"]
[White "Tham, Minh"]
[Black "Gallasch, Robin"]
[Result "1-0"]
[Termination "normal"]
[Board "9.3"]
[WhiteElo "1844"]
[BlackElo "2067"]
[WhiteTeam "SC Weisse Dame"]
[BlackTeam "Schachgemeinschaft Porz 2"]
[PlyCount "77"]
[WhiteFideId "12997323"]
[BlackFideId "16222423"]
[EventRounds "7"]
[EventType "team-swiss"]
[EventDate "2020.12.29"]

1. d4 {[%emt 0:00:05] Porz2-003 kibitzing!? Porz2-003 reconnected.} Nf6 { [%emt
0:00:17]} 2. c4 {[%emt 0:00:04]} e6 {[%emt 0:00:03]} 3. Nc3 {[%emt 0:00:03]} d5
{[%emt 0:00:03]} 4. cxd5 {[%emt 0:00:05]} exd5 {[%emt 0:00:06]} 5. Bg5 {[%emt
0:00:04]} c6 {[%emt 0:00:14]} 6. e3 {[%emt 0:00:03]} Be7 {[%emt 0:00:09] } 7.
Bd3 {[%emt 0:00:08]} O-O {[%emt 0:00:06]} 8. Nf3 {[%emt 0:00:10]} Nbd7 { [%emt
0:01:05]} 9. Qc2 {[%emt 0:00:23]} h6 {[%emt 0:00:21]} 10. Bh4 {[%emt 0:00:28]}
Re8 {[%emt 0:00:03]} 11. O-O {[%emt 0:00:31]} Ne4 {[%emt 0:00:43]} 12. Bxe7
{[%emt 0:00:18]} Qxe7 {[%emt 0:00:00]} 13. a4 {[%emt 0:00:12]} a5 { [%emt
0:00:46]} 14. Rfe1 {[%emt 0:00:10]} Ndf6 {[%emt 0:02:59]} 15. Bxe4 { [%emt
0:00:57]} dxe4 {[%emt 0:00:04]} 16. Ne5 {[%emt 0:00:04]} Bf5 {[%emt 0:00:03]}
17. f3 {[%emt 0:00:45]} Nd5 {[%emt 0:00:57]} 18. Nxe4 {[%emt 0:01:01]} f6
{[%emt 0:00:04]} 19. Nc4 {[%emt 0:00:12]} Bxe4 {[%emt 0:00:12]} 20. fxe4 {
[%emt 0:00:10]} Qxe4 {[%emt 0:00:02]} 21. Qb3 {[%emt 0:00:29]} Qe6 {[%emt
0:00:48]} 22. e4 {[%emt 0:00:49]} Nb4 {[%emt 0:00:01]} 23. Rad1 {[%emt
0:00:15]} b5 {[%emt 0:00:01]} 24. axb5 {[%emt 0:00:05]} cxb5 {[%emt 0:00:00]}
25. d5 { [%emt 0:00:03]} bxc4 {[%emt 0:00:05]} 26. Qxb4 {[%emt 0:00:19]} axb4
{[%emt 0:00:11]} 27. dxe6 {[%emt 0:00:04]} Rxe6 {[%emt 0:00:00]} 28. Rd4 {[%emt
0:00:05] } Rc8 {[%emt 0:00:01]} 29. Kf2 {[%emt 0:00:05]} Kf7 {[%emt 0:00:17]}
30. Rc1 { [%emt 0:00:17]} Rec6 {[%emt 0:00:03]} 31. Rd7+ {[%emt 0:00:09]} Kg6
{[%emt 0:00:06]} 32. Rb7 {[%emt 0:00:06]} b3 {[%emt 0:00:08]} 33. Rc3 {[%emt
0:00:13]} Rd8 {[%emt 0:00:08]} 34. Ke2 {[%emt 0:00:10]} Rd4 {[%emt 0:00:29]}
35. Rg3+ { [%emt 0:00:18]} Kh5 {[%emt 0:00:02]} 36. Rbxg7 {[%emt 0:00:03]}
Rxe4+ {[%emt 0:00:02]} 37. Kf3 {[%emt 0:00:02]} Rce6 {[%emt 0:00:03]} 38. Rh3+
{[%emt 0:00:02] } Rh4 {[%emt 0:00:03]} 39. g4# {[%emt 0:00:01]} 1-0

[Event "DSJ Weihnachtsturnier U20 2020"]
[Site "https://play.chessbase.com/en/play?room=DSJWeihnachtU20"]
[Date "2020.12.29"]
[Round "2"]
[White "Perkampus, Laurin"]
[Black "Lutz, Sebastian"]
[Result "1-0"]
[Termination "time forfeit"]
[Board "9.4"]
[WhiteElo "1920"]
[BlackElo "1541"]
[WhiteTeam "Schachgemeinschaft Porz 2"]
[BlackTeam "SC Weisse Dame"]
[PlyCount "67"]
[WhiteFideId "16232283"]
[BlackFideId "16278674"]
[EventRounds "7"]
[EventType "team-swiss"]
[EventDate "2020.12.29"]

1. d4 {[%emt 0:00:03]} Nf6 {[%emt 0:00:05]} 2. c4 {[%emt 0:00:01]} g6 {[%emt
0:00:02]} 3. Nc3 {[%emt 0:00:01]} Bg7 {[%emt 0:00:05]} 4. e4 {[%emt 0:00:01]}
d6 {[%emt 0:00:01]} 5. Be2 {[%emt 0:00:01]} O-O {[%emt 0:00:05]} 6. Nf3 {[%emt
0:00:02]} Nc6 {[%emt 0:00:04]} 7. O-O {[%emt 0:00:02]} e5 {[%emt 0:00:02]} 8.
d5 {[%emt 0:00:01]} Ne7 {[%emt 0:00:01]} 9. Kh1 {[%emt 0:00:03]} Nh5 {[%emt
0:00:11]} 10. Ng1 {[%emt 0:00:16]} Nf4 {[%emt 0:00:04]} 11. Bf3 {[%emt
0:00:04]} h6 {[%emt 0:01:38]} 12. g3 {[%emt 0:00:07]} Nh3 {[%emt 0:00:02]} 13.
Bg2 {[%emt 0:00:32]} Nxg1 {[%emt 0:00:11]} 14. Kxg1 {[%emt 0:00:00]} f5 {[%emt
0:00:04]} 15. f4 {[%emt 0:00:33]} Kh7 {[%emt 0:00:28]} 16. fxe5 {[%emt
0:00:24]} Bxe5 { [%emt 0:00:06]} 17. Be3 {[%emt 0:00:05]} fxe4 {[%emt 0:00:21]}
18. Bxe4 { [%emt 0:00:31]} Bf5 {[%emt 0:00:03]} 19. g4 {[%emt 0:00:53]} Bxe4
{[%emt 0:00:15]} 20. Nxe4 {[%emt 0:00:04]} Ng8 {[%emt 0:01:00]} 21. g5 {[%emt
0:01:46]} Qd7 {[%emt 0:01:46]} 22. gxh6 {[%emt 0:00:29]} Rxf1+ {[%emt 0:01:33]}
23. Qxf1 { [%emt 0:00:00]} Qg4+ {[%emt 0:00:15]} 24. Qg2 {[%emt 0:00:02]} Qxg2+
{[%emt 0:00:16]} 25. Kxg2 {[%emt 0:00:00]} Rf8 {[%emt 0:00:02]} 26. Ng5+ {[%emt
0:00:30] } Kh8 {[%emt 0:00:10]} 27. Ne6 {[%emt 0:00:29]} Rf7 {[%emt 0:00:59]}
28. Rf1 { [%emt 0:00:44]} Rxf1 {[%emt 0:00:16]} 29. Kxf1 {[%emt 0:00:00]} Bxb2
{[%emt 0:00:08]} 30. Nxc7 {[%emt 0:00:11]} a6 {[%emt 0:00:12]} 31. Bf4 {[%emt
0:00:25]} Nf6 {[%emt 0:00:33]} 32. Bxd6 {[%emt 0:00:12]} Ne4 {[%emt 0:00:02]}
33. Bf4 { [%emt 0:00:34]} Kh7 {[%emt 0:00:04]} 34. Ne8 {[%emt 0:00:18] TimeB}
1-0

[Event "DSJ Weihnachtsturnier U20 2020"]
[Site "https://play.chessbase.com/en/play?room=DSJWeihnachtU20"]
[Date "2020.12.29"]
[Round "2"]
[White "Bosselmann, Tom Linus"]
[Black "Krastev, Alexander"]
[Result "1-0"]
[Termination "normal"]
[Board "10.1"]
[BlackTitle "FM"]
[WhiteElo "2060"]
[BlackElo "2367"]
[WhiteTeam "Lübecker SV von 1873 2"]
[BlackTeam "Schachgesellschaft Solingen"]
[PlyCount "163"]
[WhiteFideId "12983845"]
[BlackFideId "12989983"]
[EventRounds "7"]
[EventType "team-swiss"]
[EventDate "2020.12.29"]

1. e4 {[%emt 0:00:07]} g6 {[%emt 0:00:03]} 2. d4 {[%emt 0:00:03]} Bg7 {[%emt
0:00:00]} 3. Nc3 {[%emt 0:00:08]} c5 {[%emt 0:00:01]} 4. Nf3 {[%emt 0:00:15]}
cxd4 {[%emt 0:00:02]} 5. Nxd4 {[%emt 0:00:00]} Nc6 {[%emt 0:00:00]} 6. Be3 {
[%emt 0:00:10]} Nf6 {[%emt 0:00:01]} 7. f3 {[%emt 0:00:03]} Qb6 {[%emt 0:00:17]
} 8. Nf5 {[%emt 0:00:31]} Qxb2 {[%emt 0:00:07]} 9. Nxg7+ {[%emt 0:00:03]} Kf8 {
[%emt 0:00:01]} 10. Na4 {[%emt 0:00:06]} Qa3 {[%emt 0:00:58]} 11. c3 {[%emt
0:00:09]} b6 {[%emt 0:01:53]} 12. Bh6 {[%emt 0:00:12]} Kg8 {[%emt 0:00:01]} 13.
Bc1 {[%emt 0:00:30]} Qd6 {[%emt 0:00:17]} 14. Qxd6 {[%emt 0:00:03]} exd6 {
[%emt 0:00:00]} 15. Bh6 {[%emt 0:00:01]} Ne5 {[%emt 0:00:16]} 16. Be2 {[%emt
0:00:07]} Bb7 {[%emt 0:00:12]} 17. c4 {[%emt 0:00:11]} Rc8 {[%emt 0:00:06]} 18.
Nb2 {[%emt 0:00:08]} Nxe4 {[%emt 0:00:19]} 19. fxe4 {[%emt 0:00:27]} Bxe4 {
[%emt 0:00:00]} 20. O-O {[%emt 0:00:01]} f5 {[%emt 0:00:07]} 21. Rad1 {[%emt
0:00:05]} Nf7 {[%emt 0:00:08]} 22. Nxf5 {[%emt 0:00:27]} Bxf5 {[%emt 0:00:08]}
23. Bf4 {[%emt 0:00:01]} Kg7 {[%emt 0:00:14]} 24. Bxd6 {[%emt 0:00:06]} Rhe8 {
[%emt 0:00:07]} 25. Bf3 {[%emt 0:00:09]} Nxd6 {[%emt 0:00:10]} 26. Rxd6 { [%emt
0:00:04]} Re3 {[%emt 0:00:01]} 27. Rd4 {[%emt 0:01:06]} Ra3 {[%emt 0:00:06]}
28. Be4 {[%emt 0:00:07]} Be6 {[%emt 0:00:09]} 29. Bd5 {[%emt 0:00:11]} Rxa2
{[%emt 0:00:07]} 30. Bxe6 {[%emt 0:00:03]} dxe6 {[%emt 0:00:00]} 31. Rd7+
{[%emt 0:00:23]} Kh6 {[%emt 0:00:07]} 32. Rb1 {[%emt 0:00:20]} b5 {[%emt
0:00:16]} 33. Rd4 {[%emt 0:00:21]} a5 {[%emt 0:00:41]} 34. Rh4+ {[%emt
0:01:16]} Kg5 {[%emt 0:00:08]} 35. Rxh7 {[%emt 0:00:17]} bxc4 {[%emt 0:00:02]}
36. Nd1 { [%emt 0:00:05]} c3 {[%emt 0:00:05]} 37. Rc1 {[%emt 0:00:04]} c2
{[%emt 0:00:06] } 38. Ne3 {[%emt 0:00:04]} Rc3 {[%emt 0:00:10]} 39. Kf2 {[%emt
0:00:09]} Raa3 { [%emt 0:00:16] Soling1-001 bietet Remis} 40. Nf1 {[%emt
0:00:21]} Rab3 { [%emt 0:00:20]} 41. Nd2 {[%emt 0:00:16]} Rb4 {[%emt 0:00:02]}
42. Ra7 {[%emt 0:00:19]} a4 {[%emt 0:00:07]} 43. Rb7 {[%emt 0:00:05]} Rf4+
{[%emt 0:00:48]} 44. Nf3+ {[%emt 0:00:05]} Kf6 {[%emt 0:00:01]} 45. Rb2 {[%emt
0:00:25]} Rfc4 { [%emt 0:00:06]} 46. Nd2 {[%emt 0:00:11]} Rf4+ {[%emt 0:00:24]}
47. Kg1 { [%emt 0:00:02]} Ke5 {[%emt 0:00:29]} 48. Rbxc2 {[%emt 0:00:04]} Rxc2
{[%emt 0:00:04]} 49. Rxc2 {[%emt 0:00:00]} Kd5 {[%emt 0:00:07]} 50. h3 {[%emt
0:00:12]} Rf8 {[%emt 0:00:18]} 51. Nb1 {[%emt 0:00:09]} Rf4 {[%emt 0:00:21]}
52. Nc3+ { [%emt 0:00:05]} Kc4 {[%emt 0:00:08]} 53. Nxa4+ {[%emt 0:00:10]} Kb3
{[%emt 0:00:06]} 54. Rc6 {[%emt 0:00:08]} Rxa4 {[%emt 0:00:06]} 55. Rxe6 {[%emt
0:00:04] } g5 {[%emt 0:00:05]} 56. Kf2 {[%emt 0:00:04]} Ra5 {[%emt 0:00:10]}
57. Kf3 { [%emt 0:00:03]} Kc4 {[%emt 0:00:01]} 58. Rg6 {[%emt 0:00:04]} Kd3
{[%emt 0:00:07]} 59. Rg8 {[%emt 0:00:03]} Kd4 {[%emt 0:00:12]} 60. Kg4 {[%emt
0:00:04]} Ra2 {[%emt 0:00:09]} 61. g3 {[%emt 0:00:01]} Ke3 {[%emt 0:00:00]} 62.
Rf8 {[%emt 0:00:07]} Rg2 {[%emt 0:00:07]} 63. Rf5 {[%emt 0:00:04]} Ke4 {[%emt
0:00:02]} 64. Rxg5 {[%emt 0:00:03]} Ra2 {[%emt 0:00:01]} 65. h4 {[%emt
0:00:05]} Rh2 { [%emt 0:00:04]} 66. Rf5 {[%emt 0:00:04]} Rg2 {[%emt 0:00:03]}
67. Rf8 {[%emt 0:00:02]} Ke5 {[%emt 0:00:01]} 68. h5 {[%emt 0:00:02]} Ke6
{[%emt 0:00:02]} 69. h6 {[%emt 0:00:01]} Rh2 {[%emt 0:00:02]} 70. Kg5 {[%emt
0:00:02]} Ke7 {[%emt 0:00:00]} 71. Rf1 {[%emt 0:00:02]} Ke8 {[%emt 0:00:05] '}
72. g4 {[%emt 0:00:02]} Rh3 {[%emt 0:00:00]} 73. Kg6 {[%emt 0:00:03]} Ra3
{[%emt 0:00:01]} 74. g5 { [%emt 0:00:01]} Ra6+ {[%emt 0:00:01]} 75. Kg7 {[%emt
0:00:02]} Ra7+ {[%emt 0:00:01]} 76. Kg8 {[%emt 0:00:02]} Ra6 {[%emt 0:00:03]}
77. Re1+ {[%emt 0:00:05]} Kd7 {[%emt 0:00:02]} 78. Kg7 {[%emt 0:00:04]} Ra5
{[%emt 0:00:02]} 79. g6 { [%emt 0:00:01]} Kd6 {[%emt 0:00:04]} 80. h7 {[%emt
0:00:01]} Ra7+ {[%emt 0:00:01]} 81. Kh6 {[%emt 0:00:03]} Ra8 {[%emt 0:00:01]}
82. g7 {[%emt 0:00:01] Soling1-001 gibt auf} 1-0

[Event "DSJ Weihnachtsturnier U20 2020"]
[Site "https://play.chessbase.com/en/play?room=DSJWeihnachtU20"]
[Date "2020.12.29"]
[Round "2"]
[White "Bashylina, Luisa"]
[Black "Bornholdt, Joa Max"]
[Result "1-0"]
[Termination "normal"]
[Board "10.2"]
[WhiteTitle "WCM"]
[WhiteElo "1978"]
[BlackElo "1998"]
[WhiteTeam "Schachgesellschaft Solingen"]
[BlackTeam "Lübecker SV von 1873 2"]
[PlyCount "77"]
[WhiteFideId "12983292"]
[BlackFideId "16253477"]
[EventRounds "7"]
[EventType "team-swiss"]
[EventDate "2020.12.29"]

1. e4 {[%emt 0:00:01]} e5 {[%emt 0:00:13]} 2. Nf3 {[%emt 0:00:01]} Nc6 { [%emt
0:00:02]} 3. d4 {[%emt 0:00:01]} exd4 {[%emt 0:00:00]} 4. Nxd4 {[%emt 0:00:00]}
Bc5 {[%emt 0:00:02]} 5. Be3 {[%emt 0:00:01]} Qf6 {[%emt 0:00:02]} 6. c3 {[%emt
0:00:01]} Qg6 {[%emt 0:00:01]} 7. Nb5 {[%emt 0:00:25]} Bxe3 {[%emt 0:00:04]} 8.
Nxc7+ {[%emt 0:00:03]} Kd8 {[%emt 0:00:07]} 9. Nxa8 {[%emt 0:00:02]} Bf4 {[%emt
0:01:15]} 10. Qc2 {[%emt 0:00:05]} Nf6 {[%emt 0:00:10]} 11. g3 { [%emt
0:00:03]} Bb8 {[%emt 0:00:19]} 12. Bg2 {[%emt 0:00:10]} Re8 {[%emt 0:00:07]}
13. Nd2 {[%emt 0:00:11]} b6 {[%emt 0:00:21]} 14. O-O-O {[%emt 0:00:13]} Bb7
{[%emt 0:00:09]} 15. Nxb6 {[%emt 0:00:01]} axb6 {[%emt 0:00:00]} 16. Rhe1 {
[%emt 0:00:03]} Ke7 {[%emt 0:00:51]} 17. f4 {[%emt 0:00:09]} Kf8 {[%emt
0:00:22]} 18. Nc4 {[%emt 0:00:47]} b5 {[%emt 0:00:57]} 19. Nb6 {[%emt 0:00:04]}
b4 { [%emt 0:02:40]} 20. e5 {[%emt 0:01:15]} Qxc2+ {[%emt 0:00:18]} 21. Kxc2 {
[%emt 0:00:00]} Ng4 {[%emt 0:00:01]} 22. Nxd7+ {[%emt 0:00:03]} Kg8 {[%emt
0:00:01]} 23. Nxb8 {[%emt 0:00:37]} Rxb8 {[%emt 0:00:00]} 24. h3 {[%emt
0:00:05]} Nh6 {[%emt 0:00:20]} 25. g4 {[%emt 0:00:10]} bxc3 {[%emt 0:00:06]}
26. bxc3 { [%emt 0:00:07]} g6 {[%emt 0:00:10]} 27. Be4 {[%emt 0:00:25]} Rc8
{[%emt 0:00:34]} 28. Rb1 {[%emt 0:00:29]} Nd4+ {[%emt 0:00:38]} 29. Kd3 {[%emt
0:00:08]} Bxe4+ {[%emt 0:00:02]} 30. Kxe4 {[%emt 0:00:13]} Ne6 {[%emt 0:00:10]}
31. Rb4 { [%emt 0:00:29]} Rxc3 {[%emt 0:00:10]} 32. Re3 {[%emt 0:00:09]} Rc2
{[%emt 0:00:15]} 33. a4 {[%emt 0:00:05]} Kg7 {[%emt 0:00:08]} 34. Ra3 {[%emt
0:00:17]} Nc5+ {[%emt 0:00:02]} 35. Kd5 {[%emt 0:00:09]} f5 {[%emt 0:00:11]}
36. exf6+ { [%emt 0:00:07]} Kxf6 {[%emt 0:00:00]} 37. g5+ {[%emt 0:00:01]} Kf5
{[%emt 0:00:07]} 38. gxh6 {[%emt 0:00:05]} Nd3 {[%emt 0:00:02]} 39. Rxd3 {[%emt
0:00:05] Luebeck2-002 gibt auf} 1-0

[Event "DSJ Weihnachtsturnier U20 2020"]
[Site "https://play.chessbase.com/en/play?room=DSJWeihnachtU20"]
[Date "2020.12.29"]
[Round "2"]
[White "Sommer, Justus"]
[Black "Müdder, Melanie"]
[Result "0-1"]
[Termination "normal"]
[Board "10.3"]
[WhiteElo "1744"]
[BlackElo "1950"]
[WhiteTeam "Lübecker SV von 1873 2"]
[BlackTeam "Schachgesellschaft Solingen"]
[PlyCount "88"]
[WhiteFideId "16245008"]
[BlackFideId "12994103"]
[EventRounds "7"]
[EventType "team-swiss"]
[EventDate "2020.12.29"]

1. e4 {[%emt 0:00:00]} c5 {[%emt 0:00:15]} 2. Nf3 {[%emt 0:00:03]} Nc6 { [%emt
0:00:02]} 3. Bb5 {[%emt 0:00:02]} Nf6 {[%emt 0:00:03]} 4. Bxc6 {[%emt 0:00:14]}
dxc6 {[%emt 0:00:02]} 5. d3 {[%emt 0:00:02]} Qc7 {[%emt 0:00:05]} 6. Nc3 {[%emt
0:00:11]} e5 {[%emt 0:00:10]} 7. Bg5 {[%emt 0:00:13]} Nd7 {[%emt 0:00:48]} 8.
O-O {[%emt 0:00:19]} h6 {[%emt 0:00:11]} 9. Be3 {[%emt 0:00:05]} Be7 {[%emt
0:00:18]} 10. Nd2 {[%emt 0:00:06]} Nf8 {[%emt 0:00:20]} 11. f4 {[%emt 0:00:09]}
exf4 {[%emt 0:00:10]} 12. Bxf4 {[%emt 0:00:03]} Qd8 {[%emt 0:00:03]} 13. Bg3
{[%emt 0:00:31]} Be6 {[%emt 0:00:30]} 14. Ne2 {[%emt 0:00:37]} Ng6 { [%emt
0:00:07]} 15. Nf4 {[%emt 0:00:17]} Nxf4 {[%emt 0:00:07]} 16. Bxf4 { [%emt
0:00:03]} O-O {[%emt 0:00:05]} 17. Qf3 {[%emt 0:00:22]} Qd4+ {[%emt 0:00:11]}
18. Be3 {[%emt 0:00:29]} Qxb2 {[%emt 0:00:09]} 19. Rab1 {[%emt 0:00:12]} Qxc2
{[%emt 0:00:20]} 20. Rxb7 {[%emt 0:00:05]} Bd6 {[%emt 0:00:22]} 21. Nb3 { [%emt
0:01:09]} Qxd3 {[%emt 0:00:40]} 22. Nxc5 {[%emt 0:00:17]} Bxc5 {[%emt 0:00:58]}
23. Bxc5 {[%emt 0:00:09]} Qxf3 {[%emt 0:00:12]} 24. gxf3 {[%emt 0:00:10]} Rfd8
{[%emt 0:00:18]} 25. a3 {[%emt 0:00:38]} a5 {[%emt 0:00:09]} 26. Rc1 {[%emt
0:00:28]} Rd2 {[%emt 0:00:11]} 27. Rc3 {[%emt 0:00:33]} Bh3 {[%emt 0:00:36]}
28. f4 {[%emt 0:00:19]} Bg2 {[%emt 0:00:05]} 29. e5 {[%emt 0:00:47]} Bd5 {
[%emt 0:00:16]} 30. h3 {[%emt 0:00:12]} Kh7 {[%emt 0:00:14]} 31. Be3 {[%emt
0:00:04]} Rg2+ {[%emt 0:00:24]} 32. Kf1 {[%emt 0:00:02]} Rh2 {[%emt 0:00:18]}
33. Bb6 {[%emt 0:00:24]} Rb2 {[%emt 0:00:37]} 34. Rg3 {[%emt 0:00:24]} Ra6 {
[%emt 0:00:19]} 35. e6 {[%emt 0:00:40]} Raxb6 {[%emt 0:00:51]} 36. exf7 { [%emt
0:00:41]} Rb1+ {[%emt 0:00:11]} 37. Kf2 {[%emt 0:00:03]} R6b2+ {[%emt 0:00:05]}
38. Ke3 {[%emt 0:00:04]} Bxf7 {[%emt 0:00:12]} 39. Rxf7 {[%emt 0:00:03] } Rb3+
{[%emt 0:00:01]} 40. Kf2 {[%emt 0:00:02]} R1b2+ {[%emt 0:00:03]} 41. Kf1 {[%emt
0:00:01]} Rxg3 {[%emt 0:00:02]} 42. f5 {[%emt 0:00:03]} Rxh3 {[%emt 0:00:04]}
43. Kg1 {[%emt 0:00:02]} Rxa3 {[%emt 0:00:02]} 44. f6 {[%emt 0:00:00]} Ra1#
{[%emt 0:00:01]} 0-1

[Event "DSJ Weihnachtsturnier U20 2020"]
[Site "https://play.chessbase.com/en/play?room=DSJWeihnachtU20"]
[Date "2020.12.29"]
[Round "2"]
[White "Sereda, Yaroslava"]
[Black "Kloerss, Knut"]
[Result "0-1"]
[Termination "normal"]
[Board "10.4"]
[WhiteElo "1750"]
[BlackElo "1726"]
[WhiteTeam "Schachgesellschaft Solingen"]
[BlackTeam "Lübecker SV von 1873 2"]
[PlyCount "64"]
[WhiteFideId "14178940"]
[BlackFideId "16222130"]
[EventRounds "7"]
[EventType "team-swiss"]
[EventDate "2020.12.29"]

1. e4 {[%emt 0:00:05]} e5 {[%emt 0:00:01]} 2. Nf3 {[%emt 0:00:08]} Nc6 { [%emt
0:00:01]} 3. Bb5 {[%emt 0:00:03]} a6 {[%emt 0:00:01]} 4. Ba4 {[%emt 0:00:02]}
Nf6 {[%emt 0:00:01]} 5. d4 {[%emt 0:00:01]} b5 {[%emt 0:01:25]} 6. Bb3 { [%emt
0:00:08]} exd4 {[%emt 0:00:03]} 7. O-O {[%emt 0:00:07]} Bc5 {[%emt 0:00:50]} 8.
e5 {[%emt 0:00:11]} Ng4 {[%emt 0:00:19]} 9. Bf4 {[%emt 0:00:10]} h5 { [%emt
0:01:37]} 10. Re1 {[%emt 0:00:18]} d3 {[%emt 0:00:31]} 11. Bg3 {[%emt 0:00:47]}
h4 {[%emt 0:00:57]} 12. Nxh4 {[%emt 0:00:28]} Rxh4 {[%emt 0:00:03]} 13. Qf3
{[%emt 0:00:03]} Nh6 {[%emt 0:01:22]} 14. Bxh4 {[%emt 0:00:05]} Qxh4 { [%emt
0:00:00]} 15. cxd3 {[%emt 0:00:14]} Bb7 {[%emt 0:00:04]} 16. g3 {[%emt
0:00:10]} Qe7 {[%emt 0:00:12]} 17. Nc3 {[%emt 0:00:21]} O-O-O {[%emt 0:00:48]}
18. Nd5 {[%emt 0:00:29]} Qg5 {[%emt 0:00:06]} 19. Rac1 {[%emt 0:00:21]} Nxe5 {
[%emt 0:00:59]} 20. Qe2 {[%emt 0:00:21]} Nhg4 {[%emt 0:00:13]} 21. Rxc5 { [%emt
0:00:08]} Rh8 {[%emt 0:00:28]} 22. Rxc7+ {[%emt 0:00:05]} Kb8 {[%emt 0:00:01]}
23. f4 {[%emt 0:00:12]} Qg6 {[%emt 0:00:25]} 24. fxe5 {[%emt 0:00:04]} Bxd5
{[%emt 0:00:02]} 25. Bxd5 {[%emt 0:01:28]} Kxc7 {[%emt 0:00:02]} 26. Rc1+
{[%emt 0:00:05]} Kb8 {[%emt 0:00:01]} 27. Bh1 {[%emt 0:03:15]} Qb6+ {[%emt
0:00:04]} 28. Kf1 {[%emt 0:00:04]} Nxh2+ {[%emt 0:00:01]} 29. Ke1 {[%emt
0:00:08] } Ng4 {[%emt 0:00:07]} 30. Qf3 {[%emt 0:00:36]} Rxh1+ {[%emt 0:00:02]}
31. Qxh1 {[%emt 0:00:04]} Qe3+ {[%emt 0:00:01]} 32. Kf1 {[%emt 0:00:02]} Qf2#
{[%emt 0:00:02]} 0-1

[Event "DSJ Weihnachtsturnier U20 2020"]
[Site "https://play.chessbase.com/en/play?room=DSJWeihnachtU20"]
[Date "2020.12.29"]
[Round "2"]
[White "Goldbeck, Lars"]
[Black "Schindler, Tobias"]
[Result "1-0"]
[Termination "time forfeit"]
[Board "11.1"]
[WhiteTitle "FM"]
[WhiteElo "2235"]
[BlackElo "1998"]
[WhiteTeam "SC Bavaria Regensburg von 1881"]
[BlackTeam "SK Kelheim 1920"]
[PlyCount "51"]
[WhiteFideId "16208188"]
[BlackFideId "12963585"]
[EventRounds "7"]
[EventType "team-swiss"]
[EventDate "2020.12.29"]

1. d4 {[%emt 0:00:36]} d5 {[%emt 0:00:04]} 2. c4 {[%emt 0:00:02]} c6 {[%emt
0:00:02]} 3. cxd5 {[%emt 0:00:07]} cxd5 {[%emt 0:00:01]} 4. Nc3 {[%emt
0:00:00]} Nf6 {[%emt 0:00:02]} 5. f3 {[%emt 0:00:02]} e6 {[%emt 0:01:23]} 6. e4
{[%emt 0:00:04]} Nc6 {[%emt 0:00:39]} 7. e5 {[%emt 0:00:02]} Nd7 {[%emt
0:00:05]} 8. f4 {[%emt 0:00:01]} a6 {[%emt 0:00:45]} 9. Nf3 {[%emt 0:00:05]}
Be7 {[%emt 0:00:27]} 10. Bd3 {[%emt 0:00:04]} b5 {[%emt 0:00:20]} 11. O-O
{[%emt 0:00:05]} Nb6 {[%emt 0:01:31]} 12. b3 {[%emt 0:00:11]} b4 {[%emt
0:00:42]} 13. Ne2 {[%emt 0:00:04]} Bd7 {[%emt 0:00:05]} 14. Be3 {[%emt
0:00:41]} Na7 {[%emt 0:00:06]} 15. Qd2 {[%emt 0:00:29]} Bb5 {[%emt 0:00:09]}
16. f5 {[%emt 0:00:05] Restarted B (13.22e) Restarted W (13.22e) OK OK} Bxd3
{[%emt 0:01:02]} 17. Qxd3 {[%emt 0:00:07]} Nb5 {[%emt 0:00:23]} 18. Nf4 {[%emt
0:00:37]} Kd7 {[%emt 0:00:22]} 19. Nh5 {[%emt 0:00:37]} g6 {[%emt 0:01:07]} 20.
fxe6+ {[%emt 0:00:05]} fxe6 { [%emt 0:00:02]} 21. Nf6+ {[%emt 0:00:03]} Kc7
{[%emt 0:00:15]} 22. Ng5 { [%emt 0:00:06]} Qc8 {[%emt 0:00:23]} 23. Rac1+
{[%emt 0:00:25]} Nc3 {[%emt 0:00:02]} 24. Bd2 {[%emt 0:00:02]} Kb7 {[%emt
0:00:38]} 25. Bxc3 {[%emt 0:00:03]} bxc3 {[%emt 0:00:08]} 26. Rxc3 {[%emt
0:00:00] TimeB} 1-0

[Event "DSJ Weihnachtsturnier U20 2020"]
[Site "https://play.chessbase.com/en/play?room=DSJWeihnachtU20"]
[Date "2020.12.29"]
[Round "2"]
[White "Huber, Benedikt"]
[Black "Arnhold, Steffi"]
[Result "1-0"]
[Termination "normal"]
[Board "11.2"]
[WhiteElo "1613"]
[BlackElo "2031"]
[WhiteTeam "SK Kelheim 1920"]
[BlackTeam "SC Bavaria Regensburg von 1881"]
[PlyCount "63"]
[WhiteFideId "16281225"]
[BlackFideId "12931365"]
[EventRounds "7"]
[EventType "team-swiss"]
[EventDate "2020.12.29"]

1. e4 {[%emt 0:00:02]} c5 {[%emt 0:00:02]} 2. c3 {[%emt 0:00:02]} Nf6 {[%emt
0:00:02]} 3. e5 {[%emt 0:00:01]} Nd5 {[%emt 0:00:01]} 4. d4 {[%emt 0:00:01]}
cxd4 {[%emt 0:00:02]} 5. Nf3 {[%emt 0:00:01]} e6 {[%emt 0:00:04]} 6. cxd4
{[%emt 0:00:02]} Qc7 {[%emt 0:00:03]} 7. Bd2 {[%emt 0:00:14]} Nc6 {[%emt
0:00:04]} 8. Nc3 {[%emt 0:00:02]} Nxc3 {[%emt 0:00:02]} 9. bxc3 {[%emt
0:00:03]} d6 { [%emt 0:00:02]} 10. exd6 {[%emt 0:00:02]} Bxd6 {[%emt 0:00:00]}
11. Bd3 { [%emt 0:00:01]} O-O {[%emt 0:00:03]} 12. O-O {[%emt 0:00:01]} b6
{[%emt 0:00:01]} 13. Bxh7+ {[%emt 0:01:33]} Kh8 {[%emt 0:00:54]} 14. Be4 {[%emt
0:00:30]} Bb7 {[%emt 0:00:13]} 15. Ng5 {[%emt 0:00:08]} g6 {[%emt 0:00:02]} 16.
Qg4 { [%emt 0:00:19]} Bxh2+ {[%emt 0:00:09]} 17. Kh1 {[%emt 0:00:03]} Kg7
{[%emt 0:00:31]} 18. Nxe6+ {[%emt 0:00:21]} fxe6 {[%emt 0:00:34]} 19. Qxg6+
{[%emt 0:00:02]} Kh8 {[%emt 0:00:01]} 20. Qh6+ {[%emt 0:00:02]} Kg8 {[%emt
0:00:11]} 21. Qxe6+ {[%emt 0:00:06]} Rf7 {[%emt 0:00:11]} 22. Bd5 {[%emt
0:00:53]} Nd8 { [%emt 0:00:04]} 23. Qg6+ {[%emt 0:00:14]} Kf8 {[%emt 0:00:08]}
24. Bh6+ { [%emt 0:00:11]} Ke7 {[%emt 0:00:27]} 25. Rfe1+ {[%emt 0:00:03]} Kd7
{[%emt 0:00:15]} 26. Qg4+ {[%emt 0:00:38]} Kd6 {[%emt 0:00:18]} 27. Re6+ {[%emt
0:00:22] } Kxd5 {[%emt 0:00:07]} 28. Qe4+ {[%emt 0:00:10]} Kc4 {[%emt 0:00:08]}
29. d5+ {[%emt 0:00:01]} Kc5 {[%emt 0:00:26]} 30. Be3+ {[%emt 0:00:05]} Kb5
{[%emt 0:00:06]} 31. Qb4+ {[%emt 0:00:03]} Ka6 {[%emt 0:00:03]} 32. Qa4# {[%emt
0:00:01] } 1-0